| 000 | 00653nam a2200205 i 4500 | ||
|---|---|---|---|
| 001 | 114948 | ||
| 003 | ES-MaACL | ||
| 005 | 20250826063141.0 | ||
| 007 | t| | ||
| 008 | 070213s1928 sp ||||1| spa d | ||
| 100 | 1 |
_aMaura, Honorio, _d1886-1936 _979218 |
|
| 245 | 1 | 3 |
_aLa muralla de oro _b: comedia en tres actos / _cHonorio Maura. |
| 260 |
_aMadrid : _bRivadeneyra, _c1928. |
||
| 300 |
_a58 p. : _bil. ; _c17 cm. |
||
| 490 | 1 |
_aLa Farsa ; _v35 |
|
| 500 | _aEstrenada en el Teatro Reina Victoria, de Madrid, el día 7 de abril de 1928. | ||
| 830 | 0 |
_aLa Farsa ; _v35 _9185863 |
|
| 852 |
_aES-MaACL _jC-13185 |
||
| 999 |
_c114948 _d114948 |
||